ბათუმის შოთა რუსთაველის სახელმწიფო უნივერსიტეტის ბიბლიოთეკა

ლინგვისტურ მოძღვრებათა ისტორია (ბიბ.ჩანაწერი № 52463)

000 -LEADER
fixed length control field 00867nam a2200253Ia 4500
001 - CONTROL NUMBER
control field 19486
003 - CONTROL NUMBER IDENTIFIER
control field GE_BSU
008 - FIXED-LENGTH DATA ELEMENTS--GENERAL INFORMATION
fixed length control field 181216s||||||||xx |||||||||||||| ||und||
020 ## - INTERNATIONAL STANDARD BOOK NUMBER
International Standard Book Number ISBN 99928-33-56-4
040 ## - CATALOGING SOURCE
Transcribing agency GE_BSU
080 ## - UNIVERSAL DECIMAL CLASSIFICATION NUMBER
Universal Decimal Classification number 81'1(09)
100 ## - MAIN ENTRY--PERSONAL NAME
Personal name ჭრელაშვილი, კოტე
245 ## - TITLE STATEMENT
Title ლინგვისტურ მოძღვრებათა ისტორია
245 ## - TITLE STATEMENT
Statement of responsibility, etc. რედ.: თ. გამყრელიძე
260 ## - PUBLICATION, DISTRIBUTION, ETC.
Place of publication, distribution, etc. თბილისი
260 ## - PUBLICATION, DISTRIBUTION, ETC.
Name of publisher, distributor, etc. თბილისის სახ.უნ-ტის გამ-ბა.
260 ## - PUBLICATION, DISTRIBUTION, ETC.
Date of publication, distribution, etc. 2001
300 ## - PHYSICAL DESCRIPTION
Extent 259გვ;20სმ
300 ## - PHYSICAL DESCRIPTION
Accompanying material ბიბლ.:გვ.254-256
653 ## - INDEX TERM--UNCONTROLLED
Uncontrolled term ენათმეცნიერება
653 ## - INDEX TERM--UNCONTROLLED
Uncontrolled term ენათმეცნიერების ისტორია;
942 ## - ADDED ENTRY ELEMENTS (KOHA)
Koha item type წიგნი
ეგზემპლარები
Withdrawn status Lost status Damaged status Not for loan Date acquired Barcode Date last seen Price effective from Koha item type
        2018-12-17 48513 2018-12-17 2018-12-17 წიგნი